000 00342 a2200133 4500
005 20250626123855.0
020 _a978-1-4462-5615-2
082 _a658.83 MAR
100 _a Al Marshall
245 _aMrketing Research:A Managerial Approach
260 _aLondon
_bSage
_c2023
300 _aviii,278p,p.;ill,Tables
_bIndex
_c24cm.
942 _2ddc
_cBKS
999 _c5325
_d5325